Traité de pharmacie théorique et practique / (Record no. 165610)
[ view plain ]
| 000 -LEADER | |
|---|---|
| campo de control de longitud fija | 00568nam a22001815i 4500 |
| 001 - NÚMERO DE CONTROL | |
| campo de control | 165610 |
| 003 - IDENTIFICADOR DE NÚMERO DE CONTROL | |
| campo de control | ES-MaACL |
| 005 - FECHA Y HORA DE LA ÚLTIMA TRANSACCIÓN | |
| campo de control | 20230906213155.0 |
| 008 - DATOS DE LONGITUD FIJA--INFORMACIÓN GENERAL | |
| campo de control de longitud fija | 990706s1847 fr |||| | fre d |
| 040 ## - FUENTE DE CATALOGACIÓN | |
| Centro catalogador/agencia de origen | M-RAF |
| Lengua de catalogación | spa |
| Centro/agencia transcriptor | M-RAF |
| Centro/agencia modificador | CCPB | B |
| 100 1# - ENTRADA PRINCIPAL--NOMBRE DE PERSONA | |
| Nombre de persona | Soubeiran, E. |
| 9 (RLIN) | 132848 |
| 245 10 - MENCIÓN DEL TÍTULO | |
| Título | Traité de pharmacie théorique et practique / |
| Mención de responsabilidad, etc. | E. Soubeiran. |
| 250 ## - MENCION DE EDICION | |
| Mención de edición | 3ème ed. |
| 260 ## - PUBLICACIÓN, DISTRIBUCIÓN, ETC. | |
| Lugar de publicación, distribución, etc. | París : |
| Nombre del editor, distribuidor, etc. | Victor Masson, |
| Fecha de publicación, distribución, etc. | 1847. |
| 300 ## - DESCRIPCIÓN FÍSICA | |
| Extensión | 2 v. ; |
| Dimensiones | 22 cm. |
| 650 #4 - PUNTO DE ACCESO ADICIONAL DE MATERIA--TÉRMINO DE MATERIA | |
| Término de materia o nombre geográfico como elemento de entrada | Farmacia. |
| 9 (RLIN) | 136083 |
| 852 ## - LOCALIZACIÓN | |
| Ubicación | ES-MaACL |
| Número de control de estantería | G-14417-18 |
| Nota libre | -- Enc. hol. |
| -- | -- Legado Gustavo Saenz Diez |
| Estatus retirado | Estado de pérdida | Estado de daño | No para préstamo | Colección | Biblioteca de origen | Biblioteca actual | Ubicación en estantería | Fecha de adquisición | Total de préstamos | Signatura topográfica completa | Código de barras | Visto por última vez | Precio de reemplazo | Tipo de ítem Koha |
|---|---|---|---|---|---|---|---|---|---|---|---|---|---|---|
| Libros del s. XIX | Biblioteca del Ateneo de Madrid | Biblioteca del Ateneo de Madrid | Sala Pecera Planta 3 | 17/01/2008 | G-14417-18 | 1173680 | 23/02/2023 | 23/02/2023 | Libro impreso antiguo |
